Library Banner

کشمیر میں پاک لہو (Record no. 88798)

MARC details
000 -LEADER
fixed length control field 00400nam a22001337a 4500
005 - DATE AND TIME OF LATEST TRANSACTION
control field 20161117142525.0
008 - FIXED-LENGTH DATA ELEMENTS--GENERAL INFORMATION
fixed length control field 161117b xxu||||| |||| 00| 0 eng d
040 ## - CATALOGING SOURCE
Transcribing agency PK-LaUMT
082 ## - DEWEY DECIMAL CLASSIFICATION NUMBER
Classification number RHC 297.7092
Item number KAS-
245 ## - TITLE STATEMENT
Title کشمیر میں پاک لہو
Remainder of title تحریک کمشیر برطانیہ
260 ## - PUBLICATION, DISTRIBUTION, ETC. (IMPRINT)
Place of publication, distribution, etc لاہور
Name of publisher, distributor, etc پیرا میڈیا کمیونیکیشن
Date of publication, distribution, etc 1994
300 ## - PHYSICAL DESCRIPTION
Extent 194 ص
942 ## - ADDED ENTRY ELEMENTS (KOHA)
Koha item type Books
Holdings
Withdrawn status Lost status Damaged status Home library Current library Date acquired Full call number Barcode Date last seen Price effective from Koha item type
      UMT Main Campus UMT Main Campus 2016-11-17 RHC 297.7092 KAS- 102947 2016-11-17 2016-11-17 Books